000 00212nam a22000857a 4500
008 170612b xxu||||| |||| 00| 0 eng d
100 _93350
_aPrachi
245 _aMath Solution Book-6
260 _aNew Delhi
_bPrachi
_c2010
999 _c6687
_d6687